000 00343nam a2200145Ia 4500
008 191201s2013 xx 000 0 und d
082 _a621.3825
_bKAS
100 _aKATIYAR, Sapna
245 0 _aSatellite Communications
250 _a3red
260 _aN. Delhi
_bS.K.Kataria
_c2013
300 _a512
650 _aB.Tech(ECE)
942 _2ddc
_cBK
999 _c106
_d106